000 01399pam a2200325 a 4500
001 3470739
003 OSt
005 20210416063026.0
008 931115s1994 enka b 001 0 eng
010 _a 93040486
020 _a0198144733 (alk. paper) :
_c£30.00
040 _aDLC
_cDLC
_dDLC
050 0 0 _aDK677.1
_b.B7 1994
080 _a94(479.22)
_bB-84
100 1 _aBraund, David,
_d1957-
245 1 0 _aGeorgia in antiquity :
_ba history of Colchis and Transcaucasian Iberia, 550 BC-AD 562 /
_cDavid Braund.
260 _aOxford :
_bClarendon Press ;
_aOxford ;
_aNew York :
_bOxford University Press,
_c1994.
300 _axvii, 359 p. :
_bill. ;
_c24 cm.
504 _aIncludes bibliographical references (p. [315]-348) and index.
650 0 _9120
_aHistory of Georgia
651 0 _aGeorgia (Republic)
_xHistory
_yTo 330.
651 0 _aColchis
_xHistory.
651 0 _aGeorgia (Republic)
_xAntiquities.
653 _aსაქართველოს ისტორია
653 _aსაქართველოს ისტორიის ანტიკური ხანა
856 4 2 _3Publisher description
_uhttp://www.loc.gov/catdir/enhancements/fy0606/93040486-d.html
906 _a7
_bcbc
_corignew
_d1
_eocip
_f19
_gy-gencatlg
942 _2udc
_cBK
999 _c133
_d133